书目信息 |
| 题名: |
应用数理统计
|
|
| 作者: | 陈仲堂 , 赵德平 , 李彦平 , 岳晓宁 主编 | |
| 分册: | ||
| 出版信息: | 北京 国防工业出版社 2011.08 |
|
| 页数: | 270页 | |
| 开本: | 26cm | |
| 丛书名: | ||
| 单 册: | ||
| 中图分类: | O21 | |
| 科图分类: | ||
| 主题词: | 数理统计--shu li tong ji , 概率论 | |
| 电子资源: | ||
| ISBN: | 978-7-118-07610-3 | |
| 000 | 00995nam0 2200289 450 | |
| 001 | 1130896381 | |
| 005 | 20111110141047.23 | |
| 010 | @a978-7-118-07610-3@dCNY35.00@z7-118-07610-4 | |
| 100 | @a20110907d2011 em y0chiy50 ea | |
| 101 | 0 | @achi |
| 102 | @aCN@b110000 | |
| 105 | @aak a 000yy | |
| 200 | 1 | @a应用数理统计@Aying yong shu li tong ji@f主编陈仲堂 ... [等] |
| 210 | @a北京@c国防工业出版社@d2011.08 | |
| 215 | @a270页@c图@d26cm | |
| 304 | @a题名页题其余责任者: 赵德平, 李彦平, 岳晓宁 | |
| 320 | @a有书目 (第270页) | |
| 330 | @a全书分为8章: 概率论的基础知识、数理统计的基本概念、参数估计、假设检验、回归分析、方差分析、正交试验设计、多元统计分析。各章配有习题, 书末附有答案。 | |
| 606 | 0 | @a数理统计@Ashu li tong ji |
| 606 | 0 | @a概率论 |
| 690 | @aO21@v4 | |
| 701 | 0 | @a陈仲堂@Achen zhong tang@4主编 |
| 701 | 0 | @a赵德平@Azhao de ping@4主编 |
| 701 | 0 | @a李彦平@Ali yan ping@4主编 |
| 701 | 0 | @a岳晓宁@Ayue xiao ning@4主编 |
| 801 | 0 | @aCN@c20110907 |
| 905 | @dO21@eC656 | |
| 应用数理统计/主编陈仲堂 ... [等].-北京:国防工业出版社,2011.08 |
| 270页:图;26cm |
| ISBN 978-7-118-07610-3:CNY35.00 |
| 全书分为8章: 概率论的基础知识、数理统计的基本概念、参数估计、假设检验、回归分析、方差分析、正交试验设计、多元统计分析。各章配有习题, 书末附有答案。 |
| ● |
| 相关链接 |
|
|
|
正题名:应用数理统计
索取号:O21/C656
 
预约/预借
| 序号 | 登录号 | 条形码 | 馆藏地/架位号 | 状态 | 备注 |
| 1 | 1220330 | 212203300 | 自科库401/401自科库 46排2列2层/ [索取号:O21/C656] | 在馆 | |
| 2 | 1220331 | 212203319 | 自科库401/401自科库 46排2列2层/ [索取号:O21/C656] | 在馆 | |
| 3 | 1220332 | 212203328 | 自科库401/401自科库 46排2列2层/ [索取号:O21/C656] | 在馆 |